00281nam a2200109Ia 4500008004100000020001800041082001200059100001100071245005300082260000900135500002700144260604s9999 xx 000 0 und d a9781529773927 a302 GUZ aGuzman 0aThe SAGE Handbook of Human-Machine Communication bSAGE aCommunication, Machine